El principio de precaución

Gespeichert in:
Bibliographische Detailangaben
1. Verfasser: Moya Marchi, Francisca (autora)
Format: Buch
Sprache:Spanisch
Veröffentlicht: Santiago Tribunal Constitucional 2013
Ausgabe:1a. ed
Schriftenreihe:Cuadernos del Tribunal Constitucional, 52
Schlagworte:
Tags: Tag hinzufügen
Keine Tags, Fügen Sie den ersten Tag hinzu!

MARC

LEADER 00000cam a2200000 a 4500
001 UCE1740
003 CL-VaPUC
008 140519e20131200cl |||||||||||||||||spa|d
082 0 4 |a 340.1  |b MOY  |2 21 
100 |a Moya Marchi, Francisca  |e autora  |9 574518 
245 1 3 |a El principio de precaución 
250 |a 1a. ed 
300 |a 300 p 
942 |c BK 
945 |d 20140519 10:12:00  |a dcastane 
260 |a Santiago  |b Tribunal Constitucional  |c 2013 
650 0 |a Filosofía del derecho   |9 255050 
650 0 |a Prevención de riesgos   |9 387495 
650 7 |a PREVENCION Y RIESGO  |2 CL-VaPUC  |9 378591 
583 |a last modification  |c 20140519 10:12:00  |k Rodrigo Vera 
490 0 |a Cuadernos del Tribunal Constitucional, 52 
999 |c 355460  |d 355458 
952 |0 0  |1 0  |3 erb  |4 0  |6 340_100000000000000_MOY_2013  |7 0  |8 A  |9 462190  |a BIBDER  |b BIBDER  |i 5074266  |o 340.1 MOY 2013  |p 5074266  |r 2023-01-25  |w 2019-11-23  |y BK  |z Catalogado en:20140519  |k DER